00750nam a2200193 a 450000100100000000500170001000800410002704000250006810000260009324000490011924501030016826000670027130000200033870000230035870000440038104900090042595201050043499900170053900002900020200930055252.0110413s1991 dr 000 0 spa d aDO-SdBNPbspacBNPHU1 aNaciri, Ivonne95592110aSida:bs informer pour l éveterlfrancés10aSida informarse para evitarlo /cIvonne Naciri ; traducción Ysabel, Lionel Germosén Robineau;. aSanto Domingo :bEditorial enda caribe,c1991.fEditora Taller a51 P. ;c21 cm.1 aYsabeletr.9559221 aGermosén Robineau, Lioneletr.955923 aBNPD 0010718PDaPDbPDcCTd2011-04-13iLF1l0o p29000-10r2020-06-25w2020-06-25yLFPDZNo se presta c28492d28492